000 01037 a2200229 4500
003 NUST
005 20221215131554.0
010 _a 95227356
020 _a0044409044 :
035 _a(OCoLC)33406322
040 _cNust
082 0 0 _a323.34,LIS
100 1 _aLiswood, Laura A.,
_9104944
245 1 0 _aWomen world leaders :
_bfifteen great politicians tell their stories /
_cLaura A. Liswood.
260 _aLondon ;
_aSan Francisco, CA :
_bPandora,
_c1995.
300 _axvi, 188 p. :
_bmap ;
_c24 cm.
505 _aBiographies (Page-1), Politics Sans Intent (Page-43), Backgrounds (Page-55), Trough a Different Lens (Page-65), Leaderships Style (Page-75), The Toughness Realm (Page-85), Heroes and Helpers (Page-97), One Half of the World (Page-105), A Handbook of Advice (Page-119), Reflection on Women’s Leadership (Page-129), Geography and Gender (Page-135).
650 0 _aWomen presidents
_9104945
650 0 _aWomen prime ministers
_9104946
650 0 _aWomen
_xPolitical activity.
_993688
942 _2ddc
_cBK
_k323.34,LIS
999 _c184259
_d184259